[Event "URU-ch sf"]
[Site "Montevideo"]
[Date "2024.02.12"]
[Round "6"]
[White "Cuello Toledo, Guzman"]
[Black "Fabra, Nahiara"]
[Result "1/2-1/2"]
[WhiteElo "1836"]
[BlackElo "1554"]
[PlyCount "64"]
[EventDate "2024.02.09"]
[EventType "swiss"]
[EventRounds "7"]
[EventCountry "URU"]
[SourceTitle "CB08_2024"]
[SourceDate "2024.02.21"]
[SourceVersion "1"]
[SourceVersionDate "2024.02.21"]
[SourceQuality "1"]

1. e4 c5 2. d4 cxd4 3. c3 dxc3 4. Nxc3 d6 5. Bc4 Nc6 6. Nf3 g6 7. e5 dxe5 8. Qxd8+ Nxd8 9. Nxe5 a6 10. Nd5 Ne6 11. 0-0 Bg7 12. Re1 Nf6 13. Nxf7 Nxd5 14. Nxh8 Ndc7 15. Nxg6 hxg6 16. Rb1 b5 17. Bd3 Kf7 18. Be4 Rb8 19. Be3 Bb7 20. Bxb7 Rxb7 21. b3 Nd5 22. g3 Nc3 23. Rb2 Rd7 24. Rc2 Nd4 25. Bxd4 Bxd4 26. Rd2 e6 27. Re3 b4 28. Kf1 Ke7 29. Red3 Ne4 30. Rc2 Nc3 31. Rcd2 Ne4 32. Rc2 Nc3 1/2-1/2

[Event "URU-ch (Women) 45th"]
[Site "Montevideo"]
[Date "2023.03.18"]
[Round "3"]
[White "Roepke, Sofia"]
[Black "Fabra, Nahiara"]
[Result "0-1"]
[WhiteElo "1839"]
[BlackElo "1718"]
[PlyCount "56"]
[EventDate "2023.03.17"]
[EventType "swiss"]
[EventRounds "5"]
[EventCountry "URU"]
[SourceTitle "CBM 213 Extra"]
[Source "ChessBase"]
[SourceDate "2023.05.31"]
[SourceVersion "1"]
[SourceVersionDate "2023.05.31"]
[SourceQuality "1"]

1. e4 c5 2. Nf3 a6 3. c3 d5 4. e5 Bg4 5. h3 Bxf3 6. Qxf3 e6 7. g4 Nc6 8. Qg3 f6 9. exf6 Nxf6 10. Bg2 Bd6 11. Qe3 Qe7 12. d3 0-0 13. Qe2 Qf7 14. Bg5 Rae8 15. Nd2 Ne5 16. 0-0-0 Qg6 17. Nf3 Nxf3 18. Bxf6 Qxf6 19. h4 Qf4+ 20. Kb1 Qxg4 21. Bh3 Qf4 22. d4 cxd4 23. Rd3 Qe4 24. Qc2 Ne5 25. Rdd1 Qxc2+ 26. Kxc2 Rxf2+ 27. Kb3 Nc4 28. Rb1 Nd2+ 0-1

[Event "URU-ch sf2"]
[Site "Colonia del Sacramento"]
[Date "2023.02.20"]
[Round "7"]
[White "Alvarez, Mateo"]
[Black "Fabra, Nahiara"]
[Result "1-0"]
[WhiteElo "1877"]
[BlackElo "1521"]
[PlyCount "47"]
[EventDate "2023.02.17"]
[EventType "swiss"]
[EventRounds "7"]
[EventCountry "URU"]
[SourceTitle "CBM 213 Extra"]
[Source "ChessBase"]
[SourceDate "2023.05.31"]
[SourceVersion "1"]
[SourceVersionDate "2023.05.31"]
[SourceQuality "1"]

1. e4 c5 2. c3 Nf6 3. e5 Nd5 4. d4 cxd4 5. cxd4 d6 6. Nf3 Nc6 7. Bc4 Nb6 8. Bb3 dxe5 9. d5 Na5 10. Nc3 e6 11. Bg5 f6 12. Nxe5 g6 13. Qf3 Be7 14. Rd1 exd5 15. Bxd5 Nxd5 16. Nxd5 fxe5 17. Bxe7 Bg4 18. Qxg4 Qc8 19. Qg5 Nc6 20. Bd6 Kd7 21. 0-0 Qd8 22. Nf6+ Ke6 23. Bxe5 Qa5 24. Rd6+ 1-0

[Event "URU-ch sf2"]
[Site "Colonia del Sacramento"]
[Date "2023.02.20"]
[Round "6"]
[White "Fabra, Nahiara"]
[Black "Sosa Macho, Juan Manuel"]
[Result "1-0"]
[WhiteElo "1521"]
[BlackElo "2125"]
[PlyCount "71"]
[EventDate "2023.02.17"]
[EventType "swiss"]
[EventRounds "7"]
[EventCountry "URU"]
[SourceTitle "CBM 213 Extra"]
[Source "ChessBase"]
[SourceDate "2023.05.31"]
[SourceVersion "1"]
[SourceVersionDate "2023.05.31"]
[SourceQuality "1"]

1. e4 c5 2. d4 cxd4 3. Nf3 Nc6 4. c3 dxc3 5. Nxc3 e6 6. Bc4 Qc7 7. Qe2 d6 8. 0-0 Be7 9. Rd1 Nf6 10. Bf4 e5 11. Bg5 Bg4 12. Bxf6 gxf6 13. Rac1 Rg8 14. Kh1 Nd4 15. Nb5 Qb6 16. Nbxd4 exd4 17. b3 Kf8 18. h3 Bh5 19. g4 Bg6 20. Nxd4 Qa5 21. f4 h5 22. f5 Bh7 23. Qe3 Kg7 24. gxh5 Kh8 25. Bxf7 Rg7 26. Bg6 Qe5 27. Ne6 Bf8 28. Nxg7 Bxg7 29. Bxh7 Kxh7 30. Qf3 Re8 31. Re1 Re7 32. Qg4 Kh8 33. Qg6 Re8 34. h6 Bf8 35. Rc2 Qf4 36. Rg2 1-0

[Event "Montevideo Duchamp Cup 6th"]
[Site "Montevideo"]
[Date "2023.02.09"]
[Round "7"]
[White "Davila Brondo, Mario Eduardo"]
[Black "Fabra, Nahiara"]
[Result "1/2-1/2"]
[WhiteElo "1769"]
[BlackElo "1521"]
[PlyCount "83"]
[EventDate "2023.02.03"]
[EventType "swiss"]
[EventRounds "9"]
[EventCountry "URU"]
[SourceTitle "CBM 212 Extra"]
[Source "ChessBase"]
[SourceDate "2023.03.31"]
[SourceVersion "1"]
[SourceVersionDate "2023.03.31"]
[SourceQuality "1"]

1. e4 c5 2. Nc3 Nc6 3. Bb5 g6 4. Bxc6 bxc6 5. d3 Bg7 6. f4 d5 7. e5 Nh6 8. Nf3 Nf5 9. 0-0 0-0 10. Qe1 Nd4 11. Qf2 Nxf3+ 12. Qxf3 f6 13. exf6 Bxf6 14. Bd2 Rb8 15. Rab1 Bd4+ 16. Kh1 e5 17. Qg3 exf4 18. Rxf4 Bf5 19. Rff1 c4 20. h3 cxd3 21. cxd3 c5 22. Bf4 Rb7 23. Be5 Bxe5 24. Qxe5 Rd7 25. Rbd1 Re8 26. Qg3 d4 27. Rxf5 dxc3 28. bxc3 Qa5 29. d4 Qa4 30. Rd2 cxd4 31. cxd4 Qb4 32. Rff2 Rxd4 33. Rxd4 Qxd4 34. Qf3 Qg7 35. Qd5+ Kh8 36. Rf7 Qa1+ 37. Kh2 h6 38. Rxa7 Qf6 39. Rf7 Qa1 40. h4 Qe5+ 41. Qxe5+ Rxe5 42. Rf2 1/2-1/2

[Event "Montevideo Duchamp Cup 6th"]
[Site "Montevideo"]
[Date "2023.02.08"]
[Round "6"]
[White "Fabra, Nahiara"]
[Black "Salguero, Rafael"]
[Result "0-1"]
[WhiteElo "1521"]
[BlackElo "1921"]
[PlyCount "60"]
[EventDate "2023.02.03"]
[EventType "swiss"]
[EventRounds "9"]
[EventCountry "URU"]
[SourceTitle "CBM 212 Extra"]
[Source "ChessBase"]
[SourceDate "2023.03.31"]
[SourceVersion "1"]
[SourceVersionDate "2023.03.31"]
[SourceQuality "1"]

1. e4 c6 2. d4 d5 3. exd5 cxd5 4. Bd3 Nc6 5. c3 Nf6 6. Bf4 g6 7. Nf3 Bg4 8. Nbd2 Bg7 9. Qc2 Rc8 10. h3 Bxf3 11. Nxf3 Nh5 12. Bg5 0-0 13. Qb1 f6 14. Bxg6 hxg6 15. Qxg6 Qe8 16. Qd3 fxg5 17. Nxg5 Nf6 18. h4 Qh5 19. f3 e5 20. Qf5 Rce8 21. g4 exd4+ 22. Kd1 Qh6 23. Ne6 Ne4 24. g5 Qxe6 25. Qxe6+ Rxe6 26. fxe4 dxe4 27. h5 dxc3 28. bxc3 e3 29. h6 Bxc3 30. Rc1 e2+ 0-1

[Event "Montevideo Duchamp Cup 6th"]
[Site "Montevideo"]
[Date "2023.02.06"]
[Round "4"]
[White "Fabra, Nahiara"]
[Black "Torella, Rodolfo"]
[Result "1/2-1/2"]
[WhiteElo "1521"]
[BlackElo "2019"]
[PlyCount "122"]
[EventDate "2023.02.03"]
[EventType "swiss"]
[EventRounds "9"]
[EventCountry "URU"]
[SourceTitle "CBM 212 Extra"]
[Source "ChessBase"]
[SourceDate "2023.03.31"]
[SourceVersion "1"]
[SourceVersionDate "2023.03.31"]
[SourceQuality "1"]

1. e4 e6 2. d4 d5 3. e5 c5 4. Qg4 cxd4 5. Nf3 Nc6 6. Bd3 Qc7 7. 0-0 Nge7 8. Re1 Nf5 9. Bxf5 exf5 10. Qg3 Be6 11. c3 dxc3 12. Nxc3 a6 13. Be3 h6 14. h4 Be7 15. Rac1 g5 16. hxg5 hxg5 17. Nxg5 0-0-0 18. Ne2 Rdg8 19. f4 Kd7 20. Bc5 Bxc5+ 21. Rxc5 Qb6 22. Qc3 Nb4 23. Qd4 Ke7 24. Rec1 Nc6 25. Qc3 Rc8 26. Nd4 Rc7 27. Ngf3 Rcc8 28. Qa3 Kd7 29. g3 Rc7 30. Kg2 Rhc8 31. Nxc6 Rxc6 32. Rxc6 Rxc6 33. Rxc6 bxc6 34. Qd6+ Kc8 35. Qf8+ Kb7 36. Qe7+ Qc7 37. Qxc7+ Kxc7 38. Kf2 c5 39. b3 Kc6 40. Ke3 Kb5 41. Ng5 d4+ 42. Kd3 Bd5 43. Nh7 Be4+ 44. Kd2 Kb4 45. Nf6 Bc6 46. g4 fxg4 47. Nxg4 Ka3 48. Nf2 Bb5 49. Nd3 c4 50. bxc4 Bxc4 51. Nc5 Kxa2 52. f5 Ka3 53. e6 fxe6 54. Nxe6 Kb4 55. Nxd4 Bd5 56. f6 Kc4 57. Nc2 Be6 58. Ne3+ Kb3 59. Ng4 Kb2 60. Ne5 a5 61. Nd3+ Ka3 1/2-1/2

[Event "Montevideo Duchamp Cup 5th"]
[Site "Montevideo"]
[Date "2022.02.13"]
[Round "3"]
[White "Moreno, Nelson"]
[Black "Fabra, Nahiara"]
[Result "1/2-1/2"]
[WhiteElo "1636"]
[BlackElo "1397"]
[PlyCount "79"]
[EventDate "2022.02.12"]
[EventType "swiss"]
[EventRounds "9"]
[EventCountry "URU"]
[SourceTitle "CBM 206 Extra"]
[Source "ChessBase"]
[SourceDate "2022.03.31"]
[SourceVersion "1"]
[SourceVersionDate "2022.03.31"]
[SourceQuality "1"]

1. e4 c5 2. c3 d6 3. d4 cxd4 4. cxd4 Nf6 5. Nc3 g6 6. Nf3 Nbd7 7. Be2 Bg7 8. 0-0 0-0 9. h3 e6 10. Be3 a6 11. Rc1 b5 12. a3 Bb7 13. e5 dxe5 14. dxe5 Nd5 15. Nxd5 Bxd5 16. Bf4 Rc8 17. Qd4 Rxc1 18. Rxc1 Bxf3 19. Bxf3 Nxe5 20. Bxe5 Qxd4 21. Bxd4 Bxd4 22. Rc2 Rd8 23. Kf1 Kf8 24. Ke2 Ke7 25. Bb7 a5 26. b3 b4 27. axb4 axb4 28. Rc7+ Rd7 29. Rxd7+ Kxd7 30. Ba6 Kd6 31. Bc4 h6 32. Bb5 f5 33. Bc4 g5 34. g4 fxg4 35. hxg4 Ke5 36. f3 Kf6 37. Kd3 e5 38. Ke2 Kg6 39. Bd3+ Kf6 40. Bc4 1/2-1/2

[Event "Montevideo Duchamp Cup 5th"]
[Site "Montevideo"]
[Date "2022.02.12"]
[Round "1"]
[White "Benitez, Andres"]
[Black "Fabra, Nahiara"]
[Result "1-0"]
[WhiteElo "1978"]
[BlackElo "1397"]
[PlyCount "73"]
[EventDate "2022.02.12"]
[EventType "swiss"]
[EventRounds "9"]
[EventCountry "URU"]
[SourceTitle "CBM 206 Extra"]
[Source "ChessBase"]
[SourceDate "2022.03.31"]
[SourceVersion "1"]
[SourceVersionDate "2022.03.31"]
[SourceQuality "1"]

1. e4 c5 2. Nf3 d6 3. d4 cxd4 4. Nxd4 Nf6 5. Nc3 a6 6. Be2 e5 7. Nb3 Be7 8. Be3 Be6 9. 0-0 0-0 10. Bf3 Nbd7 11. a4 Nb6 12. Bxb6 Qxb6 13. Nd5 Bxd5 14. exd5 Rac8 15. Be2 Qb4 16. c3 Qe4 17. Bf3 Qf4 18. a5 Rfe8 19. Nd2 e4 20. Ra4 Bd8 21. Re1 Qg5 22. Bxe4 Rc5 23. h4 Qh6 24. Nb3 Rb5 25. Rd4 Bxa5 26. Nxa5 Rxa5 27. Bf3 Rxe1+ 28. Qxe1 g6 29. Qe7 Kg7 30. Qxd6 Qc1+ 31. Kh2 Qxb2 32. Qc7 Qxf2 33. Qxa5 Qe3 34. Qc7 b5 35. Qf4 Qxc3 36. d6 Qc8 37. Qe5 1-0

[Event "URU-ch (Women) Hybrid"]
[Site "Montevideo"]
[Date "2021.03.06"]
[Round "5"]
[White "Silvera, Pilar"]
[Black "Fabra, Nahiara"]
[Result "1-0"]
[WhiteElo "1410"]
[BlackElo "1419"]
[PlyCount "59"]
[EventDate "2021.03.04"]
[EventType "tourn"]
[EventRounds "7"]
[EventCountry "URU"]
[SourceTitle "CBM 201 Extra"]
[Source "ChessBase"]
[SourceDate "2021.05.31"]
[SourceVersion "1"]
[SourceVersionDate "2021.05.31"]
[SourceQuality "1"]

1. e4 c5 2. Nf3 d6 3. d4 cxd4 4. Nxd4 Nf6 5. Nc3 e5 6. Nb3 a6 7. Be2 Be7 8. Be3 Be6 9. f4 Qc7 10. f5 Bc4 11. g4 h6 12. Qd2 Nbd7 13. 0-0-0 0-0-0 14. Kb1 Kb8 15. Nc1 Bxe2 16. Qxe2 Nc5 17. Bf2 Qc6 18. Rhe1 g6 19. Nd3 g5 20. Nb4 Qe8 21. Nbd5 Nxd5 22. Nxd5 f6 23. Qe3 h5 24. h3 hxg4 25. hxg4 Rh2 26. Ka1 Nd7 27. Qa7+ Kc8 28. Qa8+ Nb8 29. Ba7 Kd7 30. Qxb7# 1-0

[Event "URU-ch (Women) Hybrid"]
[Site "Montevideo"]
[Date "2021.03.04"]
[Round "1"]
[White "Fabra, Nahiara"]
[Black "Silva Rosas, Natalia"]
[Result "0-1"]
[WhiteElo "1419"]
[BlackElo "1771"]
[PlyCount "62"]
[EventDate "2021.03.04"]
[EventType "tourn"]
[EventRounds "7"]
[EventCountry "URU"]
[SourceTitle "CBM 201 Extra"]
[Source "ChessBase"]
[SourceDate "2021.05.31"]
[SourceVersion "1"]
[SourceVersionDate "2021.05.31"]
[SourceQuality "1"]

1. d4 Nf6 2. c4 e5 3. dxe5 Ng4 4. Nf3 Nc6 5. g3 Bc5 6. e3 Ngxe5 7. Nxe5 Nxe5 8. Qd5 Bb4+ 9. Bd2 Bxd2+ 10. Nxd2 Qe7 11. Bg2 0-0 12. 0-0 d6 13. Qe4 f5 14. Qc2 c6 15. Rae1 Be6 16. f4 Ng4 17. e4 Qc7 18. h3 Nh6 19. e5 Rad8 20. Nf3 Qb6+ 21. Kh2 d5 22. Ng5 Rfe8 23. Nxe6 Rxe6 24. cxd5 cxd5 25. Rd1 Ng4+ 26. hxg4 Rh6+ 27. Bh3 fxg4 28. Qf2 Rxh3+ 29. Kg2 d4 30. Rh1 Qc6+ 31. Qf3 Qxf3+ 0-1